[Event "Bucharest Grand Prix"]
[Site "Bucharest"]
[Date "2023.04.29"]
[Round "1"]
[White "Alexa, Mirel Gabriel"]
[Black "Hamitevici, Vladimir"]
[Result "0-1"]
[WhiteElo "1599"]
[BlackElo "2496"]
[PlyCount "85"]
[EventDate "2023.04.29"]
[EventType "swiss (rapid)"]
[EventRounds "10"]
[EventCountry "ROU"]
[SourceTitle "CBM 213 Extra"]
[Source "ChessBase"]
[SourceDate "2023.05.31"]
[SourceVersion "1"]
[SourceVersionDate "2023.05.31"]
[SourceQuality "1"]

1. d4 Nf6 2. c4 b6 3. Nc3 Bb7 4. d5 e6 5. e4 Bb4 6. Bd3 Bxc3+ 7. bxc3 d6 8. Ne2 Nbd7 9. 0-0 0-0 10. Bg5 h6 11. Bh4 g5 12. Bg3 e5 13. h4 Nh5 14. hxg5 hxg5 15. Bh2 Ndf6 16. Ng3 Nf4 17. Nf5 Bc8 18. Bxf4 exf4 19. f3 Bxf5 20. exf5 Nd7 21. Be4 Qf6 22. Qd4 Ne5 23. Kf2 Kg7 24. Rh1 Rh8 25. Rh3 g4 26. Rhh1 Rh4 27. a4 a5 28. Ke2 Rah8 29. Rhg1 Rh2 30. Raf1 g3 31. Kd2 Nd7 32. Qxf6+ Kxf6 33. Ra1 Re8 34. Kd3 Nc5+ 35. Kc2 Nxe4 36. fxe4 Rxe4 37. Kd3 Re3+ 38. Kd2 Kxf5 39. Rae1 Rxe1 40. Kxe1 Ke4 41. Kd1 Kd3 42. Rf1 Rxg2 43. Kc1 0-1